cryptic and tortured / guess the Taylor Swift song #2 - Statistics

General Stats
  • This quiz has been taken 14 times
  • The average score is 239 of 321
Answer Stats
Answer % Correct
a
100%
an
100%
And
100%
and
100%
I
100%
I,
100%
the
100%
you
100%
you,
100%
can
91%
I'm
91%
it
91%
me
91%
me,
91%
back
82%
But
82%
but
82%
feel
82%
get
82%
gonna
82%
Gonna
82%
hate
82%
here
82%
if
82%
in
82%
just
82%
love,
82%
love
82%
someone
82%
still
82%
We
82%
with
82%
your
82%
all
73%
babe,
73%
be
73%
decided
73%
Did
73%
did
73%
Even
73%
eyes
73%
friends
73%
got
73%
haven't
73%
hear
73%
I'll
73%
into
73%
it's
73%
knew
73%
leavin'
73%
like
73%
mine
73%
mine)
73%
move
73%
my
73%
never
73%
new
73%
not
73%
off
73%
one
73%
or
73%
Or
73%
same
73%
Say
73%
say
73%
somebody
73%
somebody,
73%
something
73%
to
73%
Told
73%
too
73%
way
73%
were
73%
we're
73%
when
73%
yet
73%
Aston
64%
at
64%
bike,
64%
bygone,
64%
Bygones
64%
CHORUS
64%
clean
64%
closet,
64%
come
64%
coming,
64%
curse
64%
don't
64%
either
64%
face,
64%
find
64%
fits
64%
fix
64%
goin'
64%
hand
64%
handcuffed,
64%
honey
64%
house,
64%
house
64%
Lilac
64%
Martin
64%
(Oh)
64%
out
64%
Pick
64%
poison,
64%
poison
64%
short
64%
skin
64%
skirt,
64%
smash
64%
Take
64%
take
64%
tell
64%
that
64%
Then
64%
thing,
64%
up
64%
wanna
64%
wants
64%
Whether
64%
wife
64%
will
64%
(You're
64%
bar
55%
body
55%
bubbly
55%
button,
55%
ditch
55%
end
55%
eras
55%
fadin'
55%
funny,
55%
make
55%
might
55%
Once
55%
party
55%
play
55%
POST CHORUS
55%
price
55%
Pull
55%
Push
55%
ran
55%
research,
55%
reset
55%
something's
55%
straight
55%
think
55%
touch
55%
upper
55%
what
55%
whispers
55%
Yeah
55%
(Yeah)
55%
You'll
55%
becomin'
45%
broke
45%
care
45%
dumb
45%
Flip
45%
flip
45%
game
45%
hid
45%
leave
45%
pieces,
45%
'til
45%
twice
45%
act
36%
(Fading
36%
gray
36%
gray)
36%
humming
36%
script
36%
steered
36%
big
27%
Small
27%
Standin'
27%
talk,
18%
No matching quizzes found
Score Distribution
Percent of People with Each Score
Percentile by Number Answered
Your Score History
You have not taken this quiz